000 00291nam a22001337a 4500
008 171218b xxu||||| |||| 00| 0 eng d
020 _a9780683306378
041 _aeng
080 _24TH
_a616-053.2
100 _a8
101 _aPED
245 _aPEDIATRICS
_cDWORKIN,P,H
942 _2udc
_cBK
999 _c39059
_d39059